| 000 | 00642nam a2200229Ia 4500 | ||
|---|---|---|---|
| 003 | OSt | ||
| 005 | 20221006164654.0 | ||
| 006 | a|||||r|||| 00| 0 | ||
| 007 | ta | ||
| 008 | 221006b |||||||| |||| 00| 0 hin d | ||
| 024 | _a6,043 | ||
| 037 | _cTextual | ||
| 040 |
_aFML _cFML _bhin |
||
| 041 |
_2hin _ahin |
||
| 082 | _aO152:g(Q), K3 | ||
| 100 |
_aShukla Savitri Au. _9678065 |
||
| 245 | 0 | _aSant Sahitya Ki Samajik Evam Sahityik Pristhabhumi | |
| 260 |
_aLucknow _bVisvavidyalaya Prakashan India _c1963 |
||
| 300 |
_a328 _ccm. |
||
| 942 |
_hO152:g(Q), K3 _cTEXL _2CC |
||
| 999 |
_c1118057 _d1118057 |
||